000 00904nam a22002535i 4500
001 171326
003 ES-MaACL
005 20230906214613.0
008 090511s1904 fr |||| | fre d
080 _a782.1
100 1 _aScribe, Eugène.
_9104966
245 1 3 _aLe prophète
_b: opéra en cinq actes /
_c[paroles d'Eugène Scribe] ; musique de G. Meyerbeer.
260 _aParis :
_bStock :
_bCalman-Lévy,
_c1904.
300 _a82, 15 p. ;
_c18 cm.
490 1 _aThéatre
490 1 _aOeuvres complètes d'Eugène Scribe. 3e série ;
_v47
594 _aNombre del autor manuscrito.
650 4 _aÓperas-
_vLibretos.
_9137584
700 1 _aMeyerbeer, Giacomo.
_980809
830 0 _aThéatre
_9184880
830 0 _aOeuvres complètes d'Eugène Scribe. 3e série ;
_v47
_9223166
852 4 _aES-MaACL
_jE-12636
_9R.140217
_z. - Biblioteca Jacinto Martínez Lacalle
999 _c171326
_d171326